TUREKS ORTHOPAEDICS PRINCIPLES AND THEIR APPLICATIONS (Record no. 14302)
[ view plain ]
| 000 -LEADER | |
|---|---|
| fixed length control field | 00265nam a22001097a 4500 |
| 003 - CONTROL NUMBER IDENTIFIER | |
| control field | SGT |
| 082 ## - DEWEY DECIMAL CLASSIFICATION NUMBER | |
| Classification number | 617.3 |
| Item number | T16J |
| 100 ## - MAIN ENTRY--PERSONAL NAME | |
| Personal name | JAIN,ANIL K |
| 245 ## - TITLE STATEMENT | |
| Title | TUREKS ORTHOPAEDICS PRINCIPLES AND THEIR APPLICATIONS |
| 260 ## - PUBLICATION, DISTRIBUTION, ETC. (IMPRINT) | |
| Place of publication, distribution, etc | INDIA |
| Name of publisher, distributor, etc | WOLTER KLUWER |
| Year of Publication | 2016 |
| 942 ## - ADDED ENTRY ELEMENTS (KOHA) | |
| Source of classification or shelving scheme | Dewey Decimal Classification |
| Koha item type | Books |
| Withdrawn status | Lost status | Source of classification or shelving scheme | Damaged status | Not for loan | Collection code | Home library | Current library | Shelving location | Date acquired | Vendor Name | Volume Information (Serial or Books or Non-Book Material) | SGTU | Bill Number | Total Checkouts | Full call number | Accession No. (Barcode) | Date last seen | Date last borrowed | Bill Date | Koha item type |
|---|---|---|---|---|---|---|---|---|---|---|---|---|---|---|---|---|---|---|---|---|
| Dewey Decimal Classification | MEDICAL | SGT Medical Library | SGT Medical Library | Reference Book | 27/12/2017 | ABC DELHI | I(802) | SGTU | 8707 | 1 | 617.3 T16J | FM9190 | 04/04/2019 | 08/03/2019 | 08/07/2017 | Books | ||||
| Dewey Decimal Classification | MEDICAL | SGT Medical Library | SGT Medical Library | Reference Book | 27/12/2017 | ABC DELHI | II(1749) | SGTU | 8707 | 617.3 T16J | FM9191 | 27/12/2017 | 08/07/2017 | Books |